<?xml version="1.0" encoding="UTF-8"?>
<collection xmlns:xsi="http://www.w3.org/2001/XMLSchema-instance" xsi:schemaLocation="http://www.loc.gov/MARC21/slim http://www.loc.gov/standards/marcxml/schema/MARC21slim.xsd" xmlns="http://www.loc.gov/MARC21/slim">
 <record>
  <leader>00000nam a22000004a 4500</leader>
  <controlfield tag="001">UP-1685675941131481150</controlfield>
  <controlfield tag="003">Buklod</controlfield>
  <controlfield tag="005">20231018154812.0</controlfield>
  <controlfield tag="006">m    |o  d |      </controlfield>
  <controlfield tag="007">cr |||||||||||</controlfield>
  <controlfield tag="008">231018s2021    xxua    r    |||| u|eng d</controlfield>
  <datafield tag="020" ind1=" " ind2=" ">
   <subfield code="a">9780367408770</subfield>
  </datafield>
  <datafield tag="040" ind1="0" ind2=" ">
   <subfield code="a">OCLCF</subfield>
   <subfield code="d">DMUS</subfield>
   <subfield code="e">rda</subfield>
  </datafield>
  <datafield tag="041" ind1="0" ind2=" ">
   <subfield code="a">eng</subfield>
  </datafield>
  <datafield tag="090" ind1="0" ind2="4">
   <subfield code="a">ML 3920</subfield>
   <subfield code="b">H66 2021</subfield>
  </datafield>
  <datafield tag="245" ind1="0" ind2="0">
   <subfield code="a">Music as care</subfield>
   <subfield code="b">artistry in the hospital environment</subfield>
   <subfield code="c">edited by Sarah Adams Hoover.</subfield>
  </datafield>
  <datafield tag="264" ind1=" " ind2="4">
   <subfield code="c">2021</subfield>
   <subfield code="a">New York, NY</subfield>
   <subfield code="b">Routledge</subfield>
  </datafield>
  <datafield tag="300" ind1=" " ind2=" ">
   <subfield code="a">xiii, 127 pages </subfield>
   <subfield code="b">illustrations (black and white) </subfield>
   <subfield code="c">23cm </subfield>
  </datafield>
  <datafield tag="336" ind1=" " ind2=" ">
   <subfield code="a">text</subfield>
   <subfield code="2">rdacontent</subfield>
  </datafield>
  <datafield tag="337" ind1=" " ind2=" ">
   <subfield code="a">unmediated</subfield>
   <subfield code="2">rdamedia</subfield>
  </datafield>
  <datafield tag="338" ind1=" " ind2=" ">
   <subfield code="a">volume</subfield>
   <subfield code="2">rdacarrier</subfield>
  </datafield>
  <datafield tag="490" ind1="1" ind2=" ">
   <subfield code="a">CMS emerging fields in music</subfield>
  </datafield>
  <datafield tag="500" ind1=" " ind2=" ">
   <subfield code="a">&quot;Routledge focus&quot;</subfield>
  </datafield>
  <datafield tag="504" ind1=" " ind2=" ">
   <subfield code="a">Includes bibliographical references and index</subfield>
  </datafield>
  <datafield tag="505" ind1="0" ind2="0">
   <subfield code="a">From concert hall to hospital : excellence, artistry, and &#13;
       skill, reconsidered / Sarah Adams Hoover -- Artist &#13;
       spotlight 1 : being present / Anaís Azul -- Impromptu 1 : &#13;
       music and health and the health of music / Moisès &#13;
       Fernández Via -- Artist spotlight 2 : both/and / Eva &#13;
       Cappelletti-Chao -- Rounding, sounding, playing together :&#13;
       a continuum of musical practice / Sarah Adams Hoover -- &#13;
       Artist spotlight 3 : singing from the soul / Tamara &#13;
       Wellons -- Training for new jobs : professionalizing the &#13;
       role of the musician in healthcare / Jill Sonke -- &#13;
       Impromptu 2 : fixing, doing, being / Moisès Fernández Via &#13;
       -- Artist spotlight 4 : tag-teaming / Jason Hedges -- From&#13;
       beguiling to belonging : the evolution of musical-medical &#13;
       partnership / Sarah Adams Hoover </subfield>
  </datafield>
  <datafield tag="520" ind1="0" ind2=" ">
   <subfield code="a">This book provides an overview of professional musicians &#13;
       working within the healthcare system and explores programs&#13;
       that bring music into the environment of the hospital. Far&#13;
       from being onstage, musicians in the hospital provide &#13;
       musical engagement for patients and healthcare providers &#13;
       focused on life-and-death issues. Music in healthcare &#13;
       offers a new and growing area for musical careers, &#13;
       distinct from the field of music therapy in which music is&#13;
       engaged to advance defined clinical goals. Rather, this &#13;
       volume considers what happens when musicians interact with&#13;
       the clinical environment as artists, and how musical &#13;
       careers and artistic practices can develop through work in&#13;
       a hospital setting. It outlines the specialized skills and&#13;
       training required to navigate safely and effectively &#13;
       within the healthcare context. The contributors draw on &#13;
       their experiences with collaborations between the &#13;
       performing arts and medicine at Boston University/Boston &#13;
       Medical Center, University of Florida/UFHealth Shands &#13;
       Hospital, and the Peabody Institute/Johns Hopkins &#13;
       Medicine. These experiences, as well as the experiences of&#13;
       artists spotlighted throughout the volume, offer stories &#13;
       of thriving artistic practices and collaborations that &#13;
       outline a new field for tomorrow's musical artists </subfield>
  </datafield>
  <datafield tag="650" ind1="0" ind2="0">
   <subfield code="a">Music audiences .</subfield>
  </datafield>
  <datafield tag="650" ind1="0" ind2="0">
   <subfield code="a">Music</subfield>
   <subfield code="x">Performance.</subfield>
  </datafield>
  <datafield tag="650" ind1="0" ind2="0">
   <subfield code="a">Hospitals.</subfield>
  </datafield>
  <datafield tag="700" ind1="0" ind2=" ">
   <subfield code="a">Sarah Adams Hoover</subfield>
   <subfield code="e">editor.</subfield>
  </datafield>
  <datafield tag="905" ind1=" " ind2=" ">
   <subfield code="a">FO</subfield>
  </datafield>
  <datafield tag="852" ind1="0" ind2=" ">
   <subfield code="a">UPD</subfield>
   <subfield code="b">DMUS</subfield>
   <subfield code="h">ML 3920</subfield>
   <subfield code="i">H66 2021</subfield>
  </datafield>
  <datafield tag="942" ind1=" " ind2=" ">
   <subfield code="a">Book</subfield>
  </datafield>
 </record>
</collection>
